[Event "Open European Team Championship"]
[Site "?"]
[Date "2015.11.19"]
[Round "6.2"]
[White "Tomashevsky, Evgeny"]
[Black "Mchedlishvili, Mikheil"]
[Result "1-0"]
[WhiteElo "2743"]
[BlackElo "2618"]
[EventDate "2015.??.??"]
[Annotator "Bojkov,Dejan"]
[PlyCount "67"]
[Beauty "8112253709850"]
[EventType "team-tourn"]
[WhiteClock "0:01:08"]
[BlackClock "0:00:34"]

{[Annotations by GM Dejan Bojkov]} 
1.c4 c6 2.Nf3 d5 3.d4 Nf6 4.Nc3 dxc4 5.a4 e6 6.e3 c5 7.Bxc4 Nc6 8.O-O cxd4 9.exd4 Be7 {From the Slav defense the game transposed into a typical QGA position with an extra tempo for White (in the Queen's Gambit the black pawn is on a6). Evgeny Tomashevsky's knowledge in these positions should be huge thanks to his great coach Yuri Razuvaev.} 10.Qe2 {A typical regroupment. The rook gets on the d-file, ready to be shifted along the third rank for a kingside attack.} ( 10.Bg5 O-O 11.Re1 Bd7 12.Qe2 Rc8 13.Rad1 Nb4 14.Ne5 Nfd5 15.Nxd5 Nxd5 16.Bxd5 Bxg5 17.Bxb7 Bxa4 18.Ra1 Rc7 {Onischuk,A (2662)-Rublevsky,S (2702) Berlin 2015} ) 10...O-O 11.Rd1 Nb4 12.Bg5 h6 {This move prepares the development of Black's light-squared bishop. A famous mistake is the hasty:} ( 12...Bd7 $2 13.d5 exd5 14.Nxd5 Nbxd5 15.Bxd5 Nxd5 16.Rxd5 Bxg5 17.Nxg5 {with serious advantage for White. A recent example went} 17...h6 18.Qd2 hxg5 19.Rxd7 Qf6 20.Rxb7 {with a solid extra pawn for White in Rodshtein,M (2660)-Duda,J (2591) Jerusalem 2015} ) 13.Bxf6 {White decided to trade the bishop. This is obviously a concession as the first player wants to have as many pieces as possible for a future attack. But at the same time White gets some important squares for his knights.} ( {In case of} 13.Bh4 {Black can already proceed with the development} 13...Bd7 14.Ne5 ( {As the line} 14.d5 exd5 ( 14...Nbxd5 {is also possible.} ) 15.Nxd5 Nbxd5 16.Bxd5 Nxd5 17.Rxd5 Bxh4 {is no longer dangerous for Black.} ) 14...Bc6 15.Bg3 Nbd5 16.a5 Rc8 17.Bb3 a6 18.Rdc1 Bb4 19.Bh4 Qd6 20.Qd1 Bb5 21.Nxb5 axb5 22.Rxc8 Rxc8 23.Qf3 Qc7 24.h3 Ra8 25.Qd1 Bd6 {&Acirc;&frac12;-&Acirc;&frac12; Ivanchuk,V (2748) -Tkachiev,V (2639) France 2010} ) 13...Bxf6 14.Ne4 b6 {The most natural development.} ( 14...Be7 15.Ne5 Nc6 16.Nxc6 bxc6 17.a5 {Van Wely,L (2654)-Van Foreest,J (2519) Vlissingen 2015} ) 15.Ne5 Bh4 {In case of the natural} ( 15...Bb7 {White has} 16.Nxf6+ Qxf6 17.Nd7 Qg5 18.f4 {winning the exchange.} ) 16.Ra3 {The other rook also does not mind to get shifted on the kingside.} 16...Bb7 17.Rh3 Bd5 {A novelty. Mchedlishvili is happy to trade a pair of light pieces. I am curious to see what Tomashevsky had prepared against:} ( 17...Nd5 18.Qg4 Bg5 19.Nxg5 Qxg5 20.Qxg5 hxg5 {in Ikonnikov,V (2527)-Van Foreest,J (2514) Dieren 2015 and Black was doing well.} ) 18.Nc3 Bxc4 19.Qxc4 Be7 {Careful defense. The knight is more valuable than the bishop in the line:} ( 19...Nd5 20.Nxd5 exd5 21.Qd3 ) 20.Qe2 Rc8 ( 20...Nd5 {can be met in a similar way:} 21.Qg4 Nxc3 22.bxc3 {with pressure for White on the kingside.} ) 21.Qg4 {A common picture in the isolated pawn positions. Thanks to his extra space White can lift his heavy pieces in front of the pawn chain to attack. However, since Black's pawn structure is almost intact his resources should prove sufficient to hold the attack.} 21...Kh7 22.Rg3 Bf6 ( {The weakening moves are punished at once:} 22...g6 $4 23.Nxf7 ) 23.Ne4 {The threat is to capture on f6 and fork on d7 with the second knight, thus} 23...Rc7 24.h4 {Razuvaev's trademark. The pawn is getting ready to worry the black king anytime he goes g7-g6.} 24...Qe7 {It is somehow strange, but Black lacks good moves. The computer suggestion} ( 24...Nd5 25.Kh2 g6 ( 25...Rc2 $4 26.Nxf6+ ) 26.h5 g5 {is hardly any human player's choice.} ) 25.Kh2 $3 {A deep preparatory move. The king moves away from the possible checks along the first rank and White asks his opponent: "What are you doing next?"} 25...Nd5 $6 {Probably the first real mistake that Mchedlishvili commited in the game. The knight is getting closer to the black king and on a wonderful outpost, but it lets the second white rook join the attack.} ( {The natural} 25...Rfc8 $2 {to trade the rooks with Rc7-c1 is concretely bad due to} 26.Nxf6+ Qxf6 27.Rf3 ) ( {But Black could have been equally prophylactical with} 25...Kh8 $1 ) 26.Nxf6+ Qxf6 27.Rdd3 {This logically follows the plan of the kingside attack. The threat is Rd3-f3! But I like one other idea that reveals the idea behind the deep Kh2 move:} ( 27.Rc1 $1 {which will force the black rook to abandon the open file as} 27...Rxc1 {loses the queen after} ( 27...Rfc8 {also loses due to} 28.Rxc7 Rxc7 29.Rf3 ) 28.Nd7 ) 27...Ne7 28.Rgf3 Nf5 29.g3 Kg8 ( {Nothing changes} 29...Rd8 30.Qe4 Kg8 ( {Black loses the knight in the line} 30...Rd6 31.g4 Qxh4+ 32.Kg2 Kg8 33.Rh3 ) 31.d5 $1 ) 30.Qf4 {The threat is d4-d5 and there is nothing that Black can do to stop it!} 30...Rd8 31.d5 $1 {The most typical IQP break spells trouble for Black.} 31...Rc2 $2 {This hangs material.} ( {Naturally, Black cannot capture the pawn} 31...Rxd5 32.Rxd5 exd5 33.Qxf5 ) ( {The most resilient was} 31...Rcc8 32.dxe6 fxe6 {although here too, White has large advantage after the simple} 33.Qe4 ( {Or he may win a pawn with} 33.g4 g5 34.Qe4 Rxd3 35.Nxd3 Nd6 36.Rxf6 Nxe4 37.Rxe6 ) ) 32.Nxf7 $1 {A small combination a la Capablanca which crowns the great technical job of Tomashevky.} 32...Rf8 ( 32...Qxf7 33.dxe6 {loses everything.} ) ( 32...Kxf7 33.dxe6+ Kxe6 34.Rxd8 ) 33.dxe6 Rc5 ( {Or} 33...Qxe6 34.Qxf5 Qxf5 35.Rxf5 Rxf7 36.Rd8+ ) 34.b4 {A very important win for Russia!} 1-0

[Event "Open European Team Championship"]
[Site "?"]
[Date "2015.11.21"]
[Round "8.2"]
[White "Gajewski, Grzegorz"]
[Black "Eljanov, Pavel"]
[Result "0-1"]
[WhiteElo "2647"]
[BlackElo "2753"]
[EventDate "2015.??.??"]
[Annotator "Bojkov,Dejan"]
[PlyCount "90"]
[Beauty "7287619978807"]
[EventType "team-tourn"]
[WhiteClock "0:00:02"]
[BlackClock "0:03:19"]

{[Annotations by GM Dejan Bojkov]} 
1.c4 c6 2.Nf3 d5 3.e3 Nf6 4.Nc3 a6 5.Qc2 {A popular Anti-Slav move order. Another one goes:} ( 5.h3 $5 e6 6.b3 c5 7.Bb2 Nc6 8.cxd5 exd5 9.Rc1 {Kovalenko,I (2700)-Malakhov,V (2694) Berlin 2015} ) 5...e6 6.b3 c5 {Since White did not occupy the center Black has every right to lose a tempo and fight for it.} 7.Bb2 d4 {Looks risky as Black is not yet prepared for the open play and indeed nobody had tested this move before.} ( {All the games so far saw the move} 7...Nc6 {for example} 8.a3 Be7 9.Bd3 b6 10.O-O Bb7 11.cxd5 exd5 12.Ne2 g6 13.Nf4 O-O 14.h4 $5 {with an unclear position, Janssen,R (2520)-Buhmann,R (2603) Germany 2010} ) 8.Ne4 Nc6 9.Nxf6+ Qxf6 10.exd4 {Gajewski wants to take the maximum of the position. Another way to play is:} ( 10.Bd3 e5 11.Be4 Bd6 {although here Blck consolidates the position.} ) 10...cxd4 {Better than} ( 10...Nxd4 11.Nxd4 cxd4 12.Qe4 Bc5 13.Bd3 {with advantage for White.} ( {Or} 13.b4 ) ) 11.Bd3 Bd6 {Catching up with the development. Black would be happy to take the bishop pair with} ( 11...Nb4 {but after} 12.Qb1 Nxd3+ 13.Qxd3 e5 14.O-O Bd6 15.Rfe1 O-O ( 15...Bf5 $2 16.Qxd4 ) 16.c5 {White firmly seizes the initiative.} ) 12.O-O ( 12.Be4 {also makes sense.} ) 12...h6 {Once more} ( 12...Nb4 13.Qb1 Nxd3 14.Qxd3 e5 15.Rfe1 {transposes into the line above.} ) 13.Be4 e5 {Gajewki is at a crossroads: to continue playing for the initiative, or to cash in his lead in development. In the game he choses the latter.} 14.Bxc6+ $6 {This wins a pawn but gives too much compensation for Black in return.} ( {Both} 14.Rfe1 O-O 15.a3 {followed by c4-c5 and b3-b4.} ) ( {Or the immediate} 14.a3 O-O 15.b4 {expanding on the queenside should give some advantage to the first player.} ) 14...bxc6 15.Qe4 O-O 16.Qxc6 Bg4 {In return for the pawn Black has more space, strong center (thus opportunity for a kingside attack) and bishop pair. Eljanov must have been happy of the opening suprise that he had uncorked earlier.} 17.Rfe1 Rac8 18.Qe4 Bf5 19.Qe2 {Forced as} ( 19.Qh4 g5 $1 {works well for Black.} ) 19...Rfe8 20.d3 Bb4 $1 {A nice idea. Eljanov blocks the queenside pawn majority of his opponent and prepares the storm on the opposite wing.} 21.Red1 a5 22.a3 Bc5 ( {Also interesting was} 22...Bc3 23.Bxc3 dxc3 24.Rac1 {with the idea} 24...e4 25.dxe4 Rxe4 26.Qa2 a4 $1 ) 23.Re1 {Back into e-file control. Black is better after} ( 23.Nd2 Rb8 $1 ( {Even better than} 23...Qg6 24.Ne4 Bf8 25.f3 ) 24.Qf3 Qg6 ) 23...Bg4 {Black continues the preparation. The central break was already in the air:} ( 23...e4 $5 24.dxe4 Bxe4 25.Rad1 Qg6 {with initiative on the center and the king's flank.} ) 24.Rab1 ( {The result of the Black queenside operation can be seen in the line} 24.Qe4 Bxf3 25.Qxf3 Qxf3 26.gxf3 Rb8 {and Black wins a pawn.} ) 24...Rb8 25.Bc1 Qd6 {With the obvious intention f7-f5 and e5-e4 (or sometines e5-e4 at once).} ( 25...Qc6 $5 {deserved attention too as if White tries the same idea as in the game} 26.h3 ( 26.Nxe5 Bxe2 27.Nxc6 Bxd3 {is clearly better for Black.} ) 26...Bh5 27.g4 ( 27.Bd2 {is the right move.} ) 27...Bg6 28.Nxe5 ( 28.Nh4 {is still playable.} ) 28...Qc7 29.f4 f6 {Black would simply win a piece.} ) 26.h3 Bh5 27.g4 Bg6 28.Nh4 e4 $1 {Eljanov forces things. He opens the kingside and the center and goes directly for the white king.} ( 28...Bh7 {would lead to risk-free advantage for Black.} ) 29.Nxg6 fxg6 $1 {Black needs every open file!} 30.Bd2 ( {In case of} 30.dxe4 d3 31.e5 Qd4 32.Qe3 $2 {Black has the fantastic resource} ( 32.Qb2 {is better although Black's attack is ovious here as well.} ) 32...Rxe5 $3 {with decisive attack after} 33.Qxe5 Qxf2+ 34.Kh1 Qf3+ 35.Kh2 Bd6 36.Qxd6 Qf2+ 37.Kh1 Qxe1+ 38.Kh2 Rf8 ) 30...e3 31.Bxa5 ( 31.fxe3 dxe3 32.Bxa5 Rf8 {does not help neither.} ) 31...exf2+ 32.Qxf2 Re3 33.Rxe3 dxe3 {The critical moment of the attack. Gajewski chose the obvious defense} 34.Qh2 {This is possibly White's best practical chance. White's intentions are obvious: to trade the queens, but Eljanov have foreseen something ingenious.} ( {In case of} 34.Qf3 {Black has another fantastic resource} 34...Kh7 $3 {to move the king away and to prevent the exchange of queens.} ( 34...Qxd3 $2 35.Qd5+ Qxd5 36.cxd5 e2+ 37.Kg2 {is in fact better for White.} ) ) ( {The blockading} 34.Qe2 {would give White chances for survival after} 34...Qg3+ ( {But} 34...Rf8 $1 35.Be1 Qc6 {is nevertheless a very strong attack for Black.} ) 35.Kh1 Qxh3+ 36.Qh2 Qf3+ 37.Qg2 Qf6 38.Bc7 {with chnaces to survive.} ( {But not the greedy} 38.Qd5+ Kh7 39.Qxc5 Qh4+ 40.Kg2 Qxg4+ 41.Kh1 Qf3+ 42.Kg1 Qf2+ 43.Kh1 Rf8 ) ) 34...e2+ 35.Kh1 {It seems as White is achieving what he wants but...} 35...Qxd3 $3 {A bolt from the blue! Eljanov gives away the rook with check!} 36.Qxb8+ Kh7 {But now White misses his queen on the kingside. And the rook is hanging. And the black pawn is getting promoted. Oh, my!} 37.Rg1 ( {Or} 37.Kg2 Qxb1 38.Qf4 e1=Q {and wins.} ) 37...Bd6 $1 ( {Avoids the temptation} 37...Qxh3+ 38.Qh2 Qf1 39.Qg2 Bxg1 40.Qxg1 Qh3+ 41.Qh2 Qf1+ 42.Qg1 ) 38.Qxd6 Qxd6 {The rest is easy for the queen and the position is too open.} 39.Bb4 ( 39.Be1 Qxa3 ) 39...Qd3 40.Kg2 Qxb3 41.c5 h5 42.gxh5 gxh5 43.Kh2 Qc2 44.Rg2 Qe4 45.Be1 ( 45.Rg1 g5 ) 45...Qf4+ {Gajewski resigned due to the lines:} ( 45...Qf4+ 46.Bg3 ( 46.Rg3 h4 ) ( 46.Kh1 Qf1+ 47.Rg1 Qxh3# ) 46...Qxg3+ ) 0-1

[Event "City of Masters"]
[Site "Barcelona"]
[Date "2015.11.08"]
[Round "5.1"]
[White "Bachmann, Axel"]
[Black "Morozevich, Alexander"]
[Result "1-0"]
[WhiteElo "2601"]
[BlackElo "2695"]
[EventDate "2015.??.??"]
[Annotator "Bojkov,Dejan"]
[PlyCount "67"]
[Beauty "8114287941674"]
[EventType "game"]
[EventCountry "CAT"]
[WhiteClock "0:06:14"]
[BlackClock "0:02:29"]

1.Nf3 d5 2.g3 g6 3.Bg2 Bg7 4.d4 Nf6 5.O-O c6 6.c4 dxc4 {Even in one of the most solid lines of the Gruenfeld Defense Morozevich has his own opinion and looks for something rare. Most of the people simply castle here, for example} ( {Relevant:} 6...O-O 7.Qb3 Qb6 8.Nc3 Rd8 9.Na4 Qxb3 10.axb3 Na6 11.Bf4 {as in the recent marathon game (172 moves!) Ding,L (2782)-Giri,A (2798) Bilbao 2015} ) 7.a4 Ne4 8.Qc2 Nd6 {The point of Black's play. While White regains the pawn Black will win one tempo for the development.} 9.Na3 Bf5 10.Qc3 O-O ( {It is too risky to go for an open battle unprepared} 10...b5 11.axb5 cxb5 12.Ng5 $1 ) 11.Nxc4 Re8 {A novelty. The only predecessor saw} ( 11...Na6 12.Nce5 Be4 13.Bh3 Nf5 14.Be3 {Here instead of} 14...c5 {which led to advantage for White after} ( {Black could have chosen} 14...Nc7 $5 ) ( {Or} 14...e6 {with good play.} ) 15.dxc5 Qc7 16.Bxf5 Bxf3 17.Bd4 gxf5 18.Nxf3 Bxd4 19.Nxd4 {Matnadze,A (2428)-Perpinya Rofes,L (2395) Barbera del Valles 2011} ) ( {Nobody had tested yet} 11...c5 $5 {but this looks like a good choice for Black as well.} ) 12.Rd1 {Bachman overprotects the center and finishes the development.} ( 12.Bf4 $5 {was another way to do it.} ) 12...Na6 {So does Morozevich. Worse is} ( 12...c5 13.Qb3 cxd4 14.Nxd4 {with advantage for White.} ) 13.b3 ( 13.Nfe5 {was a bit more cautious.} ) 13...Be4 {One way for full equality now was} ( 13...Nxc4 14.Qxc4 ( {The line} 14.bxc4 e5 {will reveal the idea behind the Re8 move.} ) 14...Be6 15.Qc3 Qb6 ) 14.Ba3 Rc8 $6 {Once more Morozevich postpones the freeing advance. In vain as} ( 14...Nxc4 15.bxc4 c5 {which would lead to a double-edged position.} ) 15.Rac1 {Both sides prepared for the clash.} 15...c5 {It starts! Otherwise Black cannot justify the position of his rook on c8} ( 15...Nxc4 16.Qxc4 Qd5 17.Bh3 ) 16.Nfe5 $1 {Now that the game is opened both queens will become badly exposed. The one on c3 is under the pressure of the black bishop and rook on c8. With this move Bachman not only blocks the long diagonal, but he also frees the f3 square for his strongest piece, thus moving it away from the X-ray of the rook. Once that this plan is accomplished, it will be the black queen only that feels uncomfortable. This whole plan is possible thanks to the extra space that White has.} 16...Bxg2 ( {Or} 16...cxd4 17.Qxd4 Bxg2 18.Kxg2 Nxc4 19.Qxd8 Ne3+ 20.fxe3 Rcxd8 ( 20...Rexd8 21.Bxe7 {wins pawn for White.} ) 21.Nc4 {White has large edge due to the horrible position of the black knight.} ) 17.Kxg2 Qc7 18.Qf3 {The point. The queen let the rook free with tempo. Now f7 is under pressure too.} 18...Nf5 {A sad maneuver, but Black has to do something against the threats.} ( 18...cxd4 $4 19.Nxd6 ) ( 18...Nxc4 $4 19.Qxf7+ ) ( 18...Rf8 {is quite passive and it is no wonder that White has huge advantage say after} 19.Ne3 ) 19.e4 Nh6 {The only move as} ( 19...Nd6 $2 20.dxc5 Nxc5 21.Bxc5 Qxc5 22.Nxd6 {loses on the spot.} ) 20.g4 $1 {Excellent play by Bachman. Compare the two pairs of knights and you will know who is the winner.} 20...f6 ( 20...Bxe5 21.dxe5 {with the threat g4-g5 is also hopeless for Black.} ) 21.Nd3 f5 {In the arising mutual time-trouble Morozevich tries complications. This worked in round one, but not today...} ( 21...Nf7 22.dxc5 {is a healthy extra pawn for White.} ) 22.gxf5 Bxd4 ( {Or} 22...gxf5 23.e5 {with both flanks separated by the white pawn Black has no chnaces of survival.} ) 23.Nf4 e5 24.Nd5 Qd8 25.fxg6 Rc6 {Nothing helps:} ( 25...Rf8 26.Qh5 Rxf2+ 27.Kh1 Qf8 28.Qh3 {with the threat Qh3xc8.} ) ( 25...hxg6 26.Nf6+ ) 26.Kh1 Rxg6 27.Rg1 Kg7 ( {Probably} 27...Re6 28.Nce3 {was a bit more stubborn but this should not change the evaluation of the position.} ) 28.Rxg6+ hxg6 29.Rg1 Nc7 30.Bc1 $1 {All pieces take part in the attack. Always pleasant to see!} 30...Nxd5 31.Qh5 Nf7 32.Qxg6+ Kf8 33.Qg7+ Ke7 34.Bg5+ 1-0